New times, new challenges for farm management (Record no. 73703)
[ view plain ]
| 000 -LEADER | |
|---|---|
| fixed length control field | 01206cam a2200229 4500 |
| 001 - CONTROL NUMBER | |
| control field | ABS67207 |
| 008 - FIXED-LENGTH DATA ELEMENTS--GENERAL INFORMATION | |
| fixed length control field | 031029n2003 000 0 eng u |
| 035 ## - SYSTEM CONTROL NUMBER | |
| System control number | (Sirsi) u124169 |
| 100 ## - MAIN ENTRY--PERSONAL NAME | |
| Personal name | Webster, J. |
| 245 ## - TITLE STATEMENT | |
| Title | New times, new challenges for farm management |
| 260 ## - PUBLICATION, DISTRIBUTION, ETC. | |
| Date of publication, distribution, etc. | 2003 |
| 490 ## - SERIES STATEMENT | |
| Series statement | Farm Management |
| Volume/sequential designation | 11(9) July 2003, 553-566(8) |
| 520 ## - SUMMARY, ETC. | |
| Summary, etc. | Explores some of the challenges facing practitioners and students of the subject of farm management. The first part of the paper analyses the drivers of change in the environment within which managers have to operate. Technological change, input and product market changes and policy changes are each identified and discussed. The second part investigates the limitations of the conventional model of risky decision making. Argues that since many farmers face decisions which have serious consequences and are often irreversible, these limitations merit critical examination and research. (Taken from journal headnote). |
| 590 ## - LOCAL NOTE (RLIN) | |
| Local note | ABS |
| 650 ## - SUBJECT ADDED ENTRY--TOPICAL TERM | |
| Topical term or geographic name entry element | FARM MANAGEMENT |
| 650 ## - SUBJECT ADDED ENTRY--TOPICAL TERM | |
| Topical term or geographic name entry element | FARM INCOMES |
| 650 ## - SUBJECT ADDED ENTRY--TOPICAL TERM | |
| Topical term or geographic name entry element | TECHNICAL INFORMATION |
| 650 ## - SUBJECT ADDED ENTRY--TOPICAL TERM | |
| Topical term or geographic name entry element | RISK |
| 650 ## - SUBJECT ADDED ENTRY--TOPICAL TERM | |
| Topical term or geographic name entry element | DECISION MAKING |
| 690 ## - LOCAL SUBJECT ADDED ENTRY--TOPICAL TERM (OCLC, RLIN) | |
| Topical term or geographic name as entry element | RURAL-FARM BUSINESS MANAGEMENT |
| 942 ## - ADDED ENTRY ELEMENTS (KOHA) | |
| Suppress in OPAC | 0 |
| Withdrawn status | Lost status | Source of classification or shelving scheme | Damaged status | Not for loan | Home library | Current library | Shelving location | Date acquired | Total Checkouts | Full call number | Barcode | Date last seen | Copy number | Price effective from | Koha item type |
|---|---|---|---|---|---|---|---|---|---|---|---|---|---|---|---|
| Dewey Decimal Classification | London | London | Journal article | 29/10/2003 | ABS67207 | 124169-1001 | 06/08/2019 | 1 | 06/08/2019 | Journal article |